Chaîne de mots - Brésil - Statistiques

Statistiques générales
  • Ce quiz a été pris 2 437 fois
  • Le résultat moyen est 12 sur 22
Statistiques - réponses
Indice Réponse % Correct
Le Brésil en a plus sur son maillot de football que n'importe quel autre pays Étoiles
93%
Ligne imaginaire qui traverse le Brésil Équateur
91%
Célèbre statue: Christ ___________ Rédempteur
91%
Plus long fleuve Amazone
90%
Genre musical symbolique des carnavals à Rio de Janeiro Samba
88%
Footballeur qui a marqué 14 buts en Coupes du monde Ronaldo
83%
Le Brésil est le plus grand producteur de ce type de grains Café
71%
Type de serpent le plus lourd Anaconda
67%
Montagne dans la baie en face de Rio de Janeiro: Pain de _____ Sucre
59%
Matériau obtenu à partir de latex extrait de l'hévéa Caoutchouc
55%
Président actuel, précédemment emprisonné pour corruption Lula
55%
Pilote de Formule 1 décédé au Grand Prix de Saint-Marin Senna
54%
Devise sur le drapeau: _____ e Progresso Ordem
48%
Surnom de l'équipe nationale de football Seleção
47%
Principal pays d'origine des esclaves exportés au Brésil Angola
42%
Fruit dont les plus vieilles traces de sa culture se trouvent au Brésil Ananas
34%
Substance issue de cannes à sucre, utilisée comme carburant Éthanol
34%
Célèbre plage à Rio de Janeiro Ipanema
34%
Un réseau de 7 517 km de cette infrastructure permet de transporter le pétrole du pays Oléoduc
34%
Plus grande ville en Amazonie Manaus
31%
Petite baie de couleur pourpre appréciée en smoothie Açaï
26%
Plus grand état brésilien en superficie Amazonas
12%
Aucun quiz correspondant
Distribution des résultats
% des personnes avec chaque résultat
Percentile par nombre de réponses
Votre historique - résultats
Vous n’avez pas pris ce quiz